Clearing odchádza do histórie?

Dôsledky navrhovaného zániku česko-slovenského clearingového platobného styku pre slovenských podnikateľov. Zdržanie bezhotovostného platobného styku. Straty pre podnikateľov na kurzových rozdieloch pri väčších obratoch. Konvertibilita českej koruny. Inflačný impulz na Slovensku.

Gespeichert in:
Bibliographische Detailangaben
1. Verfasser: Brda, J.
Format: Buchkapitel
Sprache:Slowakisch
Schlagworte:
Tags: Tag hinzufügen
Keine Tags, Fügen Sie das erste Tag hinzu!

MARC

LEADER 00000naa a2200000 4500
001 r017179
005 20221205101755.8
041 0 |a slo 
044 |a SK 
245 1 0 |a Clearing odchádza do histórie?  |c J. Brda 
520 |a Dôsledky navrhovaného zániku česko-slovenského clearingového platobného styku pre slovenských podnikateľov. Zdržanie bezhotovostného platobného styku. Straty pre podnikateľov na kurzových rozdieloch pri väčších obratoch. Konvertibilita českej koruny. Inflačný impulz na Slovensku. 
610 2 0 |a Slovensko 
610 2 0 |a Česko 
610 2 0 |a 1995 
610 2 0 |a klíring 
610 2 0 |a styk platobný medzinárodný 
610 2 0 |a podnikatelia 
610 2 0 |a styk platobný bezhotovostný 
610 2 0 |a účty bankové 
610 2 0 |a konvertibilita 
100 1 |a Brda, J.